00781nam a2200205 a 4500001001000000005001700010008004100027020001500068050002500083245006500108260005200173300003200225500012700257504003100384546003400415650003100449650004000480650004400520740001100564BRCA_133920190320203400.0960814s1996 nyu#---###---#000-0#eng-# a1879128144 4aND1312.M4b.N49 199610aNew World OrdersbCasta Painting and Colonial Latin America. aNueva YorkbAmericas Society, Art Galleryc1996 a144 p.bil. a colorc30 cm. aCatálogo de la exposición realizada en la Americas Society Art Gallery (Nueva York), 26 septiembre - 22 dicembre, 1996 aBibliografía: p. 141-144 aTexto en : ingles y español14aPintura colonialzMéxico14aPintura de castaszAmérica Latina14aMestizos en el artevRetratoszMéxico0 aCastas